[Event "c14"]
[Site "?"]
[Date "2020.08.27"]
[Round "9.1"]
[White "Klimkowski, Jan"]
[Black "Chyzy, Jakub"]
[Result "0-1"]
[BlackElo "2005"]
[WhiteElo "1902"]
[LiveChessVersion "1.4.8"]

1. e4 {[%clk 0:03:03]} e5 {[%clk 0:03:04]} 2. Nf3 {[%clk 0:03:04]} Nc6
{[%clk 0:03:05]} 3. Bb5 {[%clk 0:03:05]} a6 {[%clk 0:03:07]} 4. Ba4
{[%clk 0:03:06]} Nge7 {[%clk 0:03:08]} 5. O-O g6 6. c3 {[%clk 0:03:05]} Bg7
{[%clk 0:03:10]} 7. d4 {[%clk 0:03:07]} exd4 {[%clk 0:03:11]} 8. Nxd4
{[%clk 0:03:07]} Nxd4 {[%clk 0:02:57]} 9. cxd4 {[%clk 0:03:08]} b5
{[%clk 0:02:59]} 10. Bc2 {[%clk 0:03:09]} O-O {[%clk 0:02:59]} 11. Be3
{[%clk 0:03:01]} d6 {[%clk 0:02:53]} 12. Nd2 {[%clk 0:03:00]} Bb7
{[%clk 0:02:53]} 13. Rb1 {[%clk 0:02:58]} Rc8 {[%clk 0:02:52]} 14. Nb3
{[%clk 0:02:53]} Qd7 {[%clk 0:02:45]} 15. d5 {[%clk 0:02:51]} f5 {[%clk 0:02:43]}
16. Nd4 {[%clk 0:02:42]} fxe4 {[%clk 0:02:36]} 17. Ne6 {[%clk 0:02:43]} Bxd5
{[%clk 0:02:36]} 18. Nxf8 {[%clk 0:02:16]} Rxf8 {[%clk 0:02:36]} 19. a4
{[%clk 0:02:16]} Bb7 {[%clk 0:02:28]} 20. axb5 {[%clk 0:02:16]} axb5
{[%clk 0:02:29]} 21. Bd4 {[%clk 0:02:16]} Bxd4 {[%clk 0:01:59]} 22. Qxd4
{[%clk 0:02:16]} Nf5 {[%clk 0:02:00]} 23. Bb3+ {[%clk 0:02:13]} d5
{[%clk 0:01:55]} 24. Qc5 {[%clk 0:02:14]} c6 {[%clk 0:01:38]} 25. Ra1
{[%clk 0:02:00]} Nh4 {[%clk 0:01:29]} 26. Kh1 {[%clk 0:01:42]} Nxg2
{[%clk 0:01:12]} 27. Rg1 {[%clk 0:01:20]} Nf4 {[%clk 0:01:09]} 28. Ra7
{[%clk 0:01:17]} Nd3 {[%clk 0:01:05]} 29. Qe3 {[%clk 0:01:08]} Nxf2+
{[%clk 0:01:02]} 30. Kg2 {[%clk 0:01:03]} Ng4 {[%clk 0:00:23]} 31. Qg5
{[%clk 0:00:38]} Rf2+ {[%clk 0:00:21]} 32. Kg3 {[%clk 0:00:29]} Qd6+
{[%clk 0:00:18]} 33. Kxg4 {[%clk 0:00:21]} Bc8+ {[%clk 0:00:19]} 0-1

[Event "c14"]
[Site "?"]
[Date "2020.08.27"]
[Round "9.2"]
[White "Wojdak, Jan"]
[Black "Jedraszek, Pawel"]
[Result "1/2-1/2"]
[BlackElo "1490"]
[WhiteElo "1772"]
[LiveChessVersion "1.4.8"]

1. e4 {[%clk 0:03:03]} c5 {[%clk 0:03:04]} 2. Nf3 {[%clk 0:03:05]} d6
{[%clk 0:03:05]} 3. d4 {[%clk 0:03:06]} cxd4 {[%clk 0:03:06]} 4. Nxd4
{[%clk 0:03:08]} Nf6 {[%clk 0:03:08]} 5. Nc3 a6 6. Bc4 {[%clk 0:03:10]} e6
{[%clk 0:03:10]} 7. a3 {[%clk 0:03:12]} Nbd7 {[%clk 0:03:11]} 8. O-O
{[%clk 0:03:12]} Nc5 {[%clk 0:03:12]} 9. Re1 {[%clk 0:03:10]} b5 {[%clk 0:03:12]}
10. Ba2 {[%clk 0:03:10]} Qc7 {[%clk 0:03:12]} 11. f3 {[%clk 0:03:00]} Be7
{[%clk 0:03:12]} 12. Be3 {[%clk 0:02:59]} Bb7 {[%clk 0:03:12]} 13. Qd2
{[%clk 0:02:55]} O-O {[%clk 0:03:12]} 14. b4 {[%clk 0:02:22]} Rfd8
{[%clk 0:03:02]} 15. bxc5 {[%clk 0:02:10]} dxc5 {[%clk 0:03:03]} 16. Nxe6
{[%clk 0:02:11]} fxe6 {[%clk 0:03:00]} 17. Bxe6+ {[%clk 0:02:12]} Kh8
{[%clk 0:03:01]} 18. Nd5 {[%clk 0:01:44]} Qe5 {[%clk 0:03:02]} 19. Bh3 Nxd5 20.
exd5 {[%clk 0:01:15]} Qxd5 {[%clk 0:02:51]} 21. Qf2 {[%clk 0:01:04]} Bf6
{[%clk 0:02:47]} 22. Rab1 {[%clk 0:01:00]} c4 {[%clk 0:02:42]} 23. Bb6
{[%clk 0:00:58]} Re8 {[%clk 0:02:28]} 24. Red1 {[%clk 0:00:58]} Qg5
{[%clk 0:02:03]} 25. f4 {[%clk 0:00:55]} Qh5 {[%clk 0:01:58]} 26. Re1
{[%clk 0:00:50]} h6 {[%clk 0:01:41]} 27. Be3 {[%clk 0:00:31]} 1/2-1/2

[Event "c14"]
[Site "?"]
[Date "2020.08.27"]
[Round "9.3"]
[White "Malek, Jan"]
[Black "Karolczuk, Iwo"]
[Result "0-1"]
[BlackElo "2044"]
[WhiteElo "1703"]
[LiveChessVersion "1.4.8"]

1. e4 {[%clk 0:03:02]} c5 {[%clk 0:03:01]} 2. c3 {[%clk 0:03:03]} Nf6
{[%clk 0:03:02]} 3. e5 {[%clk 0:03:04]} Nd5 {[%clk 0:03:03]} 4. g3
{[%clk 0:03:05]} Nc6 {[%clk 0:02:59]} 5. Bg2 {[%clk 0:03:05]} e6 {[%clk 0:03:00]}
6. Nf3 {[%clk 0:03:06]} d6 {[%clk 0:02:59]} 7. exd6 {[%clk 0:03:06]} Bxd6
{[%clk 0:02:40]} 8. O-O {[%clk 0:03:06]} O-O {[%clk 0:02:40]} 9. d4
{[%clk 0:03:07]} Qe7 {[%clk 0:02:23]} 10. Re1 {[%clk 0:02:48]} h6
{[%clk 0:02:11]} 11. dxc5 {[%clk 0:02:43]} Bxc5 {[%clk 0:02:10]} 12. Nd4
{[%clk 0:02:38]} Bxd4 {[%clk 0:01:48]} 13. cxd4 {[%clk 0:02:28]} Qf6
{[%clk 0:01:40]} 14. Be3 {[%clk 0:02:12]} Bd7 {[%clk 0:01:38]} 15. Nc3
{[%clk 0:02:11]} Nce7 {[%clk 0:01:17]} 16. Qb3 {[%clk 0:02:07]} Bc6
{[%clk 0:01:17]} 17. Rac1 {[%clk 0:01:57]} Rab8 {[%clk 0:00:56]} 18. Qa3
{[%clk 0:01:40]} a6 {[%clk 0:00:41]} 19. Rcd1 {[%clk 0:01:12]} Rfd8
{[%clk 0:00:38]} 20. Ne4 {[%clk 0:00:56]} Qg6 {[%clk 0:00:39]} 21. Nc5
{[%clk 0:00:56]} Nf5 {[%clk 0:00:37]} 22. Bc1 {[%clk 0:00:51]} h5
{[%clk 0:00:35]} 23. Nd3 {[%clk 0:00:46]} h4 {[%clk 0:00:30]} 24. Ne5
{[%clk 0:00:47]} Qf6 {[%clk 0:00:28]} 25. g4 {[%clk 0:00:32]} Nd6
{[%clk 0:00:28]} 26. Nxc6 {[%clk 0:00:32]} bxc6 {[%clk 0:00:29]} 27. g5
{[%clk 0:00:27]} Qf5 {[%clk 0:00:28]} 28. Re5 {[%clk 0:00:21]} Qg4
{[%clk 0:00:27]} 29. Rde1 {[%clk 0:00:20]} Nb5 {[%clk 0:00:25]} 30. Qd3
{[%clk 0:00:18]} Qxd4 {[%clk 0:00:22]} 31. Qxd4 {[%clk 0:00:18]} Nxd4
{[%clk 0:00:24]} 32. Rd1 {[%clk 0:00:19]} Nf5 {[%clk 0:00:24]} 33. Bh3
{[%clk 0:00:15]} g6 {[%clk 0:00:25]} 34. Bxf5 {[%clk 0:00:15]} gxf5
{[%clk 0:00:25]} 35. g6 {[%clk 0:00:17]} Rb4 {[%clk 0:00:20]} 36. gxf7+
{[%clk 0:00:16]} Kxf7 {[%clk 0:00:21]} 37. Rde1 {[%clk 0:00:18]} Re8
{[%clk 0:00:20]} 38. a3 {[%clk 0:00:18]} Rg4+ {[%clk 0:00:20]} 39. Kf1
{[%clk 0:00:19]} Reg8 {[%clk 0:00:18]} 40. Ke2 {[%clk 0:00:10]} Rg1
{[%clk 0:00:19]} 41. Rxg1 {[%clk 0:00:10]} Rxg1 {[%clk 0:00:20]} 42. Bd2
{[%clk 0:00:11]} Rg2 {[%clk 0:00:20]} 43. h3 {[%clk 0:00:11]} Rh2
{[%clk 0:00:21]} 44. Kf3 {[%clk 0:00:03]} Rxh3+ {[%clk 0:00:21]} 45. Kg2
{[%clk 0:00:05]} Rb3 {[%clk 0:00:22]} 0-1

[Event "c14"]
[Site "?"]
[Date "2020.08.27"]
[Round "9.4"]
[White "Zdybel, Przemyslaw"]
[Black "Fiszer, Bartosz"]
[Result "0-1"]
[BlackElo "1905"]
[WhiteElo "1569"]
[LiveChessVersion "1.4.8"]

1. e4 {[%clk 0:03:03]} a6 {[%clk 0:03:04]} 2. d4 {[%clk 0:03:02]} b5
{[%clk 0:03:05]} 3. Bd3 {[%clk 0:03:03]} Bb7 {[%clk 0:03:06]} 4. Nf3
{[%clk 0:03:04]} e6 {[%clk 0:03:07]} 5. O-O {[%clk 0:03:05]} Nf6 {[%clk 0:03:08]}
6. e5 {[%clk 0:03:06]} Nd5 {[%clk 0:03:06]} 7. c3 {[%clk 0:02:55]} d6
{[%clk 0:03:01]} 8. Re1 {[%clk 0:02:53]} c5 {[%clk 0:02:59]} 9. a4
{[%clk 0:02:48]} b4 {[%clk 0:02:54]} 10. c4 {[%clk 0:02:30]} Nc7 {[%clk 0:02:42]}
11. exd6 {[%clk 0:02:13]} Bxd6 {[%clk 0:02:40]} 12. d5 {[%clk 0:02:14]} Be7
{[%clk 0:01:43]} 13. dxe6 {[%clk 0:01:49]} Nxe6 {[%clk 0:01:40]} 14. Ne5
{[%clk 0:01:38]} Nd7 {[%clk 0:00:53]} 15. Nxd7 {[%clk 0:00:59]} Qxd7
{[%clk 0:00:50]} 16. Be3 {[%clk 0:01:00]} O-O {[%clk 0:00:44]} 17. Qc2
{[%clk 0:01:01]} g6 {[%clk 0:00:42]} 18. Nd2 {[%clk 0:01:01]} Rad8
{[%clk 0:00:25]} 19. Be4 {[%clk 0:01:02]} Bf6 {[%clk 0:00:16]} 20. Bxb7
{[%clk 0:01:01]} Qxb7 {[%clk 0:00:17]} 21. Ne4 {[%clk 0:01:02]} Bd4
{[%clk 0:00:16]} 22. Rad1 {[%clk 0:00:57]} Bxe3 {[%clk 0:00:16]} 23. fxe3
{[%clk 0:00:49]} Rxd1 {[%clk 0:00:15]} 24. Rxd1 {[%clk 0:00:50]} Qc6
{[%clk 0:00:12]} 25. Rd6 {[%clk 0:00:49]} Qb7 {[%clk 0:00:11]} 26. Qd3
{[%clk 0:00:49]} Qe7 {[%clk 0:00:11]} 27. g3 {[%clk 0:00:45]} f5 {[%clk 0:00:10]}
28. Nf2 {[%clk 0:00:46]} Rd8 {[%clk 0:00:09]} 29. Rxd8+ {[%clk 0:00:45]} Qxd8
{[%clk 0:00:09]} 30. Qd5 {[%clk 0:00:43]} Kf7 {[%clk 0:00:08]} 31. e4
{[%clk 0:00:41]} Qxd5 {[%clk 0:00:06]} 32. cxd5 {[%clk 0:00:39]} Nd4
{[%clk 0:00:06]} 33. exf5 {[%clk 0:00:38]} Nxf5 {[%clk 0:00:05]} 34. Nd3
{[%clk 0:00:39]} c4 35. Nxb4 {[%clk 0:00:40]} a5 {[%clk 0:00:05]} 36. Nc2
{[%clk 0:00:40]} Ke7 {[%clk 0:00:06]} 37. Na3 {[%clk 0:00:40]} Nd6
{[%clk 0:00:05]} 38. Nb5 {[%clk 0:00:38]} Nxb5 {[%clk 0:00:04]} 39. axb5
{[%clk 0:00:39]} Kd6 {[%clk 0:00:05]} 40. b6 {[%clk 0:00:39]} a4 {[%clk 0:00:06]}
41. Kf2 {[%clk 0:00:39]} c3 {[%clk 0:00:07]} 42. b7 {[%clk 0:00:29]} Kc7
{[%clk 0:00:08]} 43. bxc3 {[%clk 0:00:30]} a3 {[%clk 0:00:10]} 44. d6+
{[%clk 0:00:30]} Kxb7 {[%clk 0:00:11]} 45. d7 {[%clk 0:00:32]} Kc7
{[%clk 0:00:12]} 46. c4 {[%clk 0:00:33]} a2 {[%clk 0:00:13]} 0-1

[Event "c14"]
[Site "?"]
[Date "2020.08.27"]
[Round "9.5"]
[White "Paprocki, Antoni"]
[Black "Matela, Krzysztof"]
[Result "1-0"]
[BlackElo "1692"]
[WhiteElo "1878"]
[LiveChessVersion "1.4.8"]

1. d4 Nf6 2. c4 g6 3. Nf3 Bg7 4. g3 O-O 5. Bg2 d6 6. O-O Nbd7 7. Qc2 Re8 8. Rd1
c6 9. Nc3 Qc7 10. b3 e5 11. e3 Nf8 12. Ba3 exd4 13. Rxd4 c5 14. Rd2 Ne4 15. Bb2
Nxd2 16. Nxd2 Bd7 17. Nd5 Qd8 18. Bxg7 Kxg7 19. Qc3+ f6 20. Ne4 Re6 21. Nf4 Re5
22. Nxd6 Bc6 23. Nxb7 Bxb7 24. Bxb7 Rb8 25. Bd5 g5 26. Nd3 Rxd5 27. cxd5 Qxd5 28.
Nxc5 Rc8 29. Rc1 Rd8 30. Qa5 Ra8 31. Qc7+ Kg6 32. Qe7 Rd8 33. Qe4+ f5 34. Qxd5
Rxd5 35. b4 Rd2 36. a4 Rb2 37. b5 Kf6 38. Kg2 Ke7 39. Kf3 Rb4 40. Ra1 Kd6 41. Nd3
Rb3 42. Nc1 Rb4 43. Ne2 Ne6 44. Nc3 g4+ 45. Ke2 Kc5 46. Kd3 Kd6 47. a5 Nc5+ 48.
Kc2 h6 49. b6 axb6 50. a6 Nxa6 51. Rxa6 Kc6 52. Ra7 b5 53. Rh7 Rc4 54. Kb3 Kc5
55. Rc7+ Kd6 56. Rxc4 bxc4+ 57. Kxc4 Ke5 58. Kd3 h5 59. Ne2 Kf6 60. Nf4 Kg5 61.
Kd4 h4 62. Ke5 hxg3 63. hxg3 Kh6 64. Kxf5 Kh7 65. Kxg4 Kh6 66. e4 Kg7 67. Kf5 Kf7
68. e5 Ke7 69. e6 Kf8 70. Kf6 Kg8 71. e7 Kh7 72. e8=Q Kh8 73. Qxh8 1-0

[Event "c14"]
[Site "?"]
[Date "2020.08.27"]
[Round "9.6"]
[White "Wnek, Filip"]
[Black "Demski, Michal"]
[Result "0-1"]
[BlackElo "1773"]
[WhiteElo "1607"]
[LiveChessVersion "1.4.8"]

1. e4 {[%clk 0:03:02]} d6 {[%clk 0:03:02]} 2. d4 {[%clk 0:03:03]} Nf6
{[%clk 0:03:03]} 3. Nc3 {[%clk 0:03:04]} Nbd7 {[%clk 0:03:04]} 4. f4
{[%clk 0:03:01]} e5 {[%clk 0:03:05]} 5. Nf3 {[%clk 0:02:57]} exd4
{[%clk 0:03:06]} 6. Nxd4 {[%clk 0:02:58]} Nc5 {[%clk 0:03:07]} 7. Bd3
{[%clk 0:02:41]} Be7 {[%clk 0:03:07]} 8. O-O {[%clk 0:02:40]} O-O
{[%clk 0:03:07]} 9. b4 {[%clk 0:02:27]} Nxd3 {[%clk 0:02:59]} 10. Qxd3
{[%clk 0:02:18]} a5 {[%clk 0:01:29]} 11. b5 {[%clk 0:01:59]} Nd7 {[%clk 0:01:08]}
12. Nf5 {[%clk 0:01:38]} Nc5 {[%clk 0:01:02]} 13. Nxe7+ {[%clk 0:01:30]} Qxe7
{[%clk 0:01:02]} 14. Qf3 {[%clk 0:01:31]} Be6 {[%clk 0:00:43]} 15. Bb2
{[%clk 0:01:24]} a4 {[%clk 0:00:35]} 16. a3 {[%clk 0:01:24]} Bc4 {[%clk 0:00:28]}
17. Rfe1 {[%clk 0:01:21]} Rae8 {[%clk 0:00:24]} 18. Rad1 {[%clk 0:01:16]} Qe6
{[%clk 0:00:08]} 19. f5 {[%clk 0:01:02]} Qd7 {[%clk 0:00:08]} 20. Rd4
{[%clk 0:00:46]} Bxb5 {[%clk 0:00:09]} 21. Nxb5 {[%clk 0:00:29]} Qxb5
{[%clk 0:00:10]} 22. Rb4 {[%clk 0:00:30]} Qc6 {[%clk 0:00:10]} 23. f6
{[%clk 0:00:29]} g6 {[%clk 0:00:08]} 24. Rc4 {[%clk 0:00:14]} Qb5
{[%clk 0:00:08]} 25. Rb4 Qc6 26. Rc4 {[%clk 0:00:06]} Qb5 {[%clk 0:00:11]} 27.
Rb4 Qd7 28. Qh3 {[%clk 0:00:07]} Qxh3 {[%clk 0:00:13]} 29. gxh3 {[%clk 0:00:08]}
b6 {[%clk 0:00:13]} 30. Bd4 {[%clk 0:00:09]} Re6 {[%clk 0:00:13]} 31. Bxc5
{[%clk 0:00:10]} dxc5 {[%clk 0:00:14]} 32. Rxa4 {[%clk 0:00:10]} Rxf6
{[%clk 0:00:16]} 33. Rc4 {[%clk 0:00:09]} Rf3 {[%clk 0:00:16]} 34. a4
{[%clk 0:00:10]} Rxh3 {[%clk 0:00:17]} 35. a5 {[%clk 0:00:11]} Ra3
{[%clk 0:00:16]} 36. axb6 {[%clk 0:00:12]} cxb6 {[%clk 0:00:18]} 37. Rb1
{[%clk 0:00:13]} Ra6 {[%clk 0:00:09]} 38. Kf2 {[%clk 0:00:12]} f5
{[%clk 0:00:10]} 39. Ke3 {[%clk 0:00:11]} Re8 {[%clk 0:00:10]} 40. Kf4
{[%clk 0:00:10]} Rxe4+ {[%clk 0:00:10]} 41. Rxe4 {[%clk 0:00:10]} fxe4
{[%clk 0:00:12]} 42. Kxe4 {[%clk 0:00:11]} Ra2 {[%clk 0:00:11]} 43. Kd3
{[%clk 0:00:12]} Ra3+ {[%clk 0:00:09]} 44. c3 {[%clk 0:00:12]} Ra2
{[%clk 0:00:09]} 45. Rxb6 {[%clk 0:00:12]} Rxh2 {[%clk 0:00:09]} 46. Rc6
{[%clk 0:00:13]} Rh5 {[%clk 0:00:11]} 47. Kc4 {[%clk 0:00:12]} Kg7
{[%clk 0:00:11]} 48. Rd6 {[%clk 0:00:07]} Rf5 {[%clk 0:00:11]} 49. Rd3
{[%clk 0:00:05]} h5 {[%clk 0:00:12]} 50. Rg3 {[%clk 0:00:06]} Kf6
{[%clk 0:00:12]} 51. Kd3 {[%clk 0:00:07]} g5 {[%clk 0:00:14]} 52. Ke4
{[%clk 0:00:09]} h4 {[%clk 0:00:14]} 53. Rd3 {[%clk 0:00:08]} Re5+
{[%clk 0:00:13]} 54. Kf3 {[%clk 0:00:09]} Kf5 {[%clk 0:00:14]} 55. Rd8
{[%clk 0:00:08]} g4+ {[%clk 0:00:14]} 56. Kf2 {[%clk 0:00:09]} Kf4
{[%clk 0:00:15]} 57. Rf8+ {[%clk 0:00:10]} Rf5 {[%clk 0:00:17]} 58. Re8
{[%clk 0:00:10]} h3 {[%clk 0:00:16]} 59. Rg8 {[%clk 0:00:09]} Rh5
{[%clk 0:00:14]} 60. Rf8+ {[%clk 0:00:10]} Ke4 {[%clk 0:00:15]} 61. Re8+
{[%clk 0:00:11]} Kd5 {[%clk 0:00:16]} 62. Kg1 {[%clk 0:00:11]} Kc4
{[%clk 0:00:13]} 63. Rg8 {[%clk 0:00:12]} Rh4 {[%clk 0:00:15]} 64. Kh2
{[%clk 0:00:12]} Kxc3 {[%clk 0:00:15]} 65. Re8 {[%clk 0:00:07]} c4
{[%clk 0:00:14]} 66. Re1 {[%clk 0:00:07]} Kd2 {[%clk 0:00:16]} 67. Rf1
{[%clk 0:00:08]} c3 {[%clk 0:00:17]} 68. Kg3 {[%clk 0:00:09]} c2 {[%clk 0:00:15]}
69. Kxh4 {[%clk 0:00:04]} c1=Q {[%clk 0:00:16]} 70. Rxc1 {[%clk 0:00:05]} Kxc1
{[%clk 0:00:17]} 71. Kxg4 {[%clk 0:00:06]} h2 {[%clk 0:00:18]} 0-1

[Event "c14"]
[Site "?"]
[Date "2020.08.27"]
[Round "9.7"]
[White "Herwy, Jakub"]
[Black "Myrmus, Mateusz"]
[Result "1/2-1/2"]
[BlackElo "1434"]
[WhiteElo "1741"]
[LiveChessVersion "1.4.8"]

1. e4 e6 2. d4 d5 3. e5 c5 4. Nf3 Nc6 5. Bd3 cxd4 6. O-O Nge7 7. Bf4 Ng6 8. Bg3
Be7 9. a3 Bd7 10. b4 h5 11. Bxg6 fxg6 12. Qd3 O-O 13. h3 g5 14. Nbd2 Rc8 15. Nb3
a6 16. Nbxd4 Nxd4 17. Nxd4 Rc4 18. Rfd1 Qe8 19. f3 Qf7 20. Rf1 Rfc8 21. Be1 Bb5
22. a4 Rxd4 23. Qxd4 Bxf1 24. Kxf1 Qf4 25. Qxf4 gxf4 26. c3 g5 27. Ke2 Kf7 28.
Kd3 Rc4 29. Bf2 Ke8 30. Bd4 Kd7 31. Rh1 h4 32. Ra1 Kc6 33. Ra2 1/2-1/2

[Event "c14"]
[Site "?"]
[Date "2020.08.27"]
[Round "9.8"]
[White "Jarocki, Gabriel"]
[Black "Malinowski, Szymon"]
[Result "0-1"]
[BlackElo "1663"]
[WhiteElo "1555"]
[LiveChessVersion "1.4.8"]

1. e4 {[%clk 0:03:03]} c6 {[%clk 0:03:04]} 2. d4 {[%clk 0:03:04]} d5 3. e5 Bf5
{[%clk 0:03:06]} 4. h4 {[%clk 0:03:06]} Bc8 {[%clk 0:03:04]} 5. Nc3
{[%clk 0:03:06]} e6 {[%clk 0:03:05]} 6. Nf3 {[%clk 0:03:06]} c5 {[%clk 0:03:06]}
7. Bf4 {[%clk 0:02:52]} Nc6 {[%clk 0:02:57]} 8. Bb5 {[%clk 0:02:51]} cxd4
{[%clk 0:02:56]} 9. Nxd4 {[%clk 0:02:52]} Bd7 {[%clk 0:02:57]} 10. O-O
{[%clk 0:02:32]} Qxh4 {[%clk 0:02:49]} 11. Nxc6 {[%clk 0:02:25]} bxc6
{[%clk 0:02:47]} 12. Bg3 {[%clk 0:02:22]} Qd8 {[%clk 0:02:29]} 13. Be2
{[%clk 0:02:22]} Ne7 {[%clk 0:02:29]} 14. Bh4 {[%clk 0:02:22]} Qc7
{[%clk 0:02:30]} 15. f4 {[%clk 0:02:09]} Nf5 {[%clk 0:01:32]} 16. Bf2
{[%clk 0:02:09]} Bb4 {[%clk 0:01:33]} 17. g4 {[%clk 0:02:00]} Ne7
{[%clk 0:01:33]} 18. a3 {[%clk 0:01:55]} Ba5 {[%clk 0:01:34]} 19. Na4
{[%clk 0:01:52]} Bb6 {[%clk 0:01:31]} 20. Nxb6 {[%clk 0:01:53]} axb6
{[%clk 0:01:32]} 21. c4 {[%clk 0:01:49]} O-O {[%clk 0:01:19]} 22. c5
{[%clk 0:01:47]} b5 {[%clk 0:00:38]} 23. b4 {[%clk 0:01:48]} Ng6 {[%clk 0:00:35]}
24. Bg3 {[%clk 0:01:43]} f6 {[%clk 0:00:34]} 25. Qd4 {[%clk 0:01:16]} fxe5
{[%clk 0:00:27]} 26. fxe5 {[%clk 0:01:16]} Rxf1+ {[%clk 0:00:16]} 27. Bxf1
{[%clk 0:01:17]} Rf8 {[%clk 0:00:15]} 28. Bg2 {[%clk 0:01:14]} Qd8
{[%clk 0:00:13]} 29. Qe3 {[%clk 0:01:11]} h6 {[%clk 0:00:08]} 30. a4
{[%clk 0:01:09]} bxa4 {[%clk 0:00:09]} 31. Rxa4 {[%clk 0:01:09]} Qg5
{[%clk 0:00:09]} 32. Qxg5 {[%clk 0:01:06]} hxg5 {[%clk 0:00:10]} 33. Ra7
{[%clk 0:01:07]} Rf7 {[%clk 0:00:08]} 34. Rc7 {[%clk 0:01:05]} Be8
{[%clk 0:00:06]} 35. Rc8 {[%clk 0:01:04]} Kf8 {[%clk 0:00:07]} 36. Rb8
{[%clk 0:01:02]} Nf4 {[%clk 0:00:07]} 37. Bxf4 {[%clk 0:01:00]} gxf4
{[%clk 0:00:07]} 38. Bf3 {[%clk 0:01:01]} g5 {[%clk 0:00:08]} 39. Kg2
{[%clk 0:00:58]} Ra7 {[%clk 0:00:06]} 40. Kf2 {[%clk 0:00:57]} Ra2+
{[%clk 0:00:06]} 41. Be2 {[%clk 0:00:58]} Rb2 {[%clk 0:00:06]} 42. b5
{[%clk 0:00:55]} cxb5 {[%clk 0:00:06]} 43. c6 {[%clk 0:00:57]} Rc2
{[%clk 0:00:06]} 44. c7 {[%clk 0:00:56]} Rxc7 {[%clk 0:00:06]} 45. Bxb5
{[%clk 0:00:57]} Re7 {[%clk 0:00:06]} 46. Bd3 {[%clk 0:00:54]} Kg7
{[%clk 0:00:05]} 47. Rb6 {[%clk 0:00:52]} Bg6 {[%clk 0:00:05]} 48. Be2
{[%clk 0:00:51]} Be4 {[%clk 0:00:06]} 49. Bf3 {[%clk 0:00:49]} Bxf3
{[%clk 0:00:06]} 50. Kxf3 {[%clk 0:00:50]} Kf7 {[%clk 0:00:07]} 51. Rd6
{[%clk 0:00:51]} Rc7 {[%clk 0:00:07]} 52. Rd8 {[%clk 0:00:50]} Rc3+
{[%clk 0:00:05]} 53. Kf2 {[%clk 0:00:51]} Re3 {[%clk 0:00:06]} 54. Rh8
{[%clk 0:00:49]} Rxe5 {[%clk 0:00:07]} 55. Rh7+ {[%clk 0:00:50]} Kg6
{[%clk 0:00:08]} 56. Rh8 {[%clk 0:00:51]} Re3 {[%clk 0:00:08]} 57. Rg8+
{[%clk 0:00:52]} Kf6 {[%clk 0:00:09]} 58. Rh8 {[%clk 0:00:53]} Ke5
{[%clk 0:00:09]} 59. Rh5 {[%clk 0:00:54]} Kf6 {[%clk 0:00:10]} 60. Rh6+
{[%clk 0:00:55]} Ke5 {[%clk 0:00:11]} 61. Rh5 {[%clk 0:00:57]} Kf6
{[%clk 0:00:09]} 62. Rh6+ {[%clk 0:00:58]} Kg7 {[%clk 0:00:10]} 63. Rh5
{[%clk 0:00:58]} Kg6 {[%clk 0:00:11]} 64. Rh8 {[%clk 0:00:58]} Rg3
{[%clk 0:00:12]} 65. Rg8+ {[%clk 0:00:58]} Kf6 {[%clk 0:00:13]} 66. Rf8+
{[%clk 0:00:59]} Ke5 {[%clk 0:00:14]} 67. Ra8 {[%clk 0:00:56]} Rxg4
{[%clk 0:00:15]} 68. Ra1 {[%clk 0:00:57]} Rg3 {[%clk 0:00:15]} 69. Re1+
{[%clk 0:00:58]} Kf5 {[%clk 0:00:16]} 70. Rh1 {[%clk 0:00:58]} e5
{[%clk 0:00:17]} 71. Re1 {[%clk 0:00:59]} e4 {[%clk 0:00:18]} 72. Rd1
{[%clk 0:01:01]} Ke5 {[%clk 0:00:18]} 73. Rh1 {[%clk 0:01:01]} d4
{[%clk 0:00:18]} 74. Rh8 {[%clk 0:01:01]} d3 {[%clk 0:00:16]} 75. Re8+
{[%clk 0:01:00]} Kf5 {[%clk 0:00:17]} 76. Rf8+ {[%clk 0:01:01]} Kg4
{[%clk 0:00:18]} 77. Re8 {[%clk 0:01:02]} e3+ {[%clk 0:00:19]} 78. Ke1
{[%clk 0:01:03]} d2+ {[%clk 0:00:20]} 79. Ke2 {[%clk 0:01:04]} Rg2+
{[%clk 0:00:21]} 80. Kd1 {[%clk 0:01:05]} Rg1+ {[%clk 0:00:22]} 81. Kc2
{[%clk 0:01:07]} d1=Q+ {[%clk 0:00:20]} 0-1

[Event "c14"]
[Site "?"]
[Date "2020.08.27"]
[Round "9.9"]
[White "Janeczko, Jakub"]
[Black "Rog, Bartlomiej"]
[Result "1/2-1/2"]
[BlackElo "1470"]
[WhiteElo "1656"]
[LiveChessVersion "1.4.8"]

1. e4 {[%clk 0:03:03]} e5 {[%clk 0:03:04]} 2. Nf3 {[%clk 0:03:04]} d5
{[%clk 0:03:06]} 3. exd5 {[%clk 0:02:59]} e4 {[%clk 0:03:07]} 4. Nd4 Qxd5 5. Nb3
{[%clk 0:02:56]} Nf6 {[%clk 0:03:05]} 6. Nc3 {[%clk 0:02:57]} Qe5
{[%clk 0:03:07]} 7. Be2 {[%clk 0:02:43]} Bd6 {[%clk 0:03:08]} 8. d4
{[%clk 0:02:36]} exd3 {[%clk 0:03:09]} 9. Qxd3 {[%clk 0:02:36]} Bf5
{[%clk 0:02:48]} 10. Qb5+ Qxb5 11. Bxb5+ {[%clk 0:02:15]} c6 {[%clk 0:02:48]} 12.
Bd3 {[%clk 0:02:16]} Bxd3 {[%clk 0:02:49]} 13. cxd3 {[%clk 0:02:17]} Nbd7
{[%clk 0:02:39]} 14. Be3 {[%clk 0:02:12]} O-O-O {[%clk 0:02:24]} 15. O-O-O
{[%clk 0:02:10]} Kb8 {[%clk 0:02:26]} 16. Ne4 {[%clk 0:02:09]} Be7
{[%clk 0:02:22]} 17. Bf4+ {[%clk 0:02:09]} Ka8 {[%clk 0:02:21]} 18. Nd6
{[%clk 0:02:07]} Bxd6 {[%clk 0:02:03]} 19. Bxd6 {[%clk 0:02:08]} Rhe8
{[%clk 0:02:05]} 20. Bg3 {[%clk 0:01:54]} Ne5 {[%clk 0:01:58]} 21. d4
{[%clk 0:01:52]} Ng6 {[%clk 0:01:48]} 22. Rhe1 {[%clk 0:01:53]} Ne4
{[%clk 0:01:30]} 23. Kc2 {[%clk 0:01:38]} f5 {[%clk 0:01:31]} 24. f3
{[%clk 0:01:22]} Nxg3 {[%clk 0:01:32]} 25. hxg3 {[%clk 0:01:22]} Kb8
{[%clk 0:01:27]} 26. Kc3 {[%clk 0:01:15]} Kc7 {[%clk 0:01:26]} 27. Nc5
{[%clk 0:01:15]} Nf8 {[%clk 0:01:27]} 28. f4 {[%clk 0:01:09]} b6 {[%clk 0:00:44]}
29. Nd3 {[%clk 0:01:09]} Nd7 {[%clk 0:00:46]} 30. Ne5 {[%clk 0:01:09]} Nxe5
{[%clk 0:00:47]} 31. dxe5 {[%clk 0:01:09]} Re6 {[%clk 0:00:30]} 32. Rxd8
{[%clk 0:01:05]} Kxd8 {[%clk 0:00:32]} 33. Rh1 {[%clk 0:01:05]} h6
{[%clk 0:00:33]} 34. Rh5 {[%clk 0:01:05]} Rg6 {[%clk 0:00:34]} 35. Rh3
{[%clk 0:00:43]} Kd7 {[%clk 0:00:34]} 36. Kd3 {[%clk 0:00:43]} c5
{[%clk 0:00:32]} 37. Ke3 {[%clk 0:00:44]} Ke6 {[%clk 0:00:28]} 38. Kf3
{[%clk 0:00:45]} Kd5 {[%clk 0:00:28]} 39. Rh5 {[%clk 0:00:45]} Ke6
{[%clk 0:00:27]} 40. Rh1 {[%clk 0:00:46]} Kd5 {[%clk 0:00:23]} 41. Rh5 Kxe5 42.
Ke4+ 1/2-1/2

[Event "c14"]
[Site "?"]
[Date "2020.08.27"]
[Round "9.10"]
[White "Bancarewicz, Aleks"]
[Black "Starosciak, Szymon"]
[Result "0-1"]
[BlackElo "1525"]
[WhiteElo "1714"]
[LiveChessVersion "1.4.8"]

1. e4 {[%clk 0:03:03]} c5 {[%clk 0:03:03]} 2. Nf3 {[%clk 0:03:04]} Nc6
{[%clk 0:03:04]} 3. d4 {[%clk 0:03:05]} cxd4 {[%clk 0:03:05]} 4. Nxd4
{[%clk 0:03:06]} Nf6 {[%clk 0:03:06]} 5. Nc3 {[%clk 0:03:05]} d6 {[%clk 0:03:07]}
6. Bg5 {[%clk 0:03:05]} Bd7 {[%clk 0:03:08]} 7. Qd2 {[%clk 0:03:03]} Rc8
{[%clk 0:03:09]} 8. f4 {[%clk 0:02:48]} Nxd4 {[%clk 0:03:07]} 9. Qxd4
{[%clk 0:02:49]} Qa5 {[%clk 0:03:08]} 10. e5 {[%clk 0:02:33]} dxe5
{[%clk 0:03:09]} 11. fxe5 {[%clk 0:02:34]} e6 {[%clk 0:03:10]} 12. h4
{[%clk 0:02:07]} Bc5 {[%clk 0:03:06]} 13. Qd3 {[%clk 0:01:10]} Nd5
{[%clk 0:03:00]} 14. Bd2 {[%clk 0:01:05]} Nb4 {[%clk 0:02:45]} 15. Qg3
{[%clk 0:00:06]} Nxc2+ 16. Kd1 Nxa1 {[%clk 0:02:44]} 17. Qxg7 {[%clk 0:00:07]}
Rf8 {[%clk 0:02:44]} 18. Bd3 {[%clk 0:00:04]} Bc6 {[%clk 0:01:10]} 19. Ne4
{[%clk 0:00:04]} Qa4+ {[%clk 0:00:53]} 20. Bc2 {[%clk 0:00:03]} Qxc2+
{[%clk 0:00:46]} 21. Ke1 0-1